ბათუმის შოთა რუსთაველის სახელმწიფო უნივერსიტეტის ბიბლიოთეკა

Litterature Progressive du Francais : (ბიბ.ჩანაწერი № 55480)

000 -LEADER
fixed length control field 00886nam a2200265Ia 4500
001 - CONTROL NUMBER
control field 22562
003 - CONTROL NUMBER IDENTIFIER
control field GE_BSU
005 - DATE AND TIME OF LATEST TRANSACTION
control field 20230329153907.0
008 - FIXED-LENGTH DATA ELEMENTS--GENERAL INFORMATION
fixed length control field 181216s ||||fr |||||||||||||| ||fre||
020 ## - INTERNATIONAL STANDARD BOOK NUMBER
International Standard Book Number 9782090380767
040 ## - CATALOGING SOURCE
Transcribing agency GE_BSU
041 ## - LANGUAGE CODE
Language code of text/sound track or separate title fre
080 ## - UNIVERSAL DECIMAL CLASSIFICATION NUMBER
Universal Decimal Classification number 821.133.1 B-67
100 ## - MAIN ENTRY--PERSONAL NAME
Personal name Blondeau, Nicole
9 (RLIN) 12728
245 ## - TITLE STATEMENT
Title Litterature Progressive du Francais :
Remainder of title Niveau Avance : avec 600 activites /
Statement of responsibility, etc. Blondeau Nicole, Ferroudja Allouache ; Edition Bernard Delcord.
264 ## - PRODUCTION, PUBLICATION, DISTRIBUTION, MANUFACTURE, AND COPYRIGHT NOTICE
Place of production, publication, distribution, manufacture Paris :
Name of producer, publisher, distributor, manufacturer CLE INTERNATIONAL,
Date of production, publication, distribution, manufacture, or copyright notice 2005.
300 ## - PHYSICAL DESCRIPTION
Extent 160 p. :
Other physical details ill. ;
Dimensions 29 cm.
653 ## - INDEX TERM--UNCONTROLLED
keyword Litterature Progressive du Francais
653 ## - INDEX TERM--UNCONTROLLED
keyword Niveau Avance avec 600 activites
653 ## - INDEX TERM--UNCONTROLLED
keyword ფრანგული ლიტერატურა
700 ## - ADDED ENTRY--PERSONAL NAME
Personal name Ferroudja, Allouache
Relator term by
9 (RLIN) 17338
700 ## - ADDED ENTRY--PERSONAL NAME
Personal name Delcord, Bernard
Relator term Edition
9 (RLIN) 12731
942 ## - ADDED ENTRY ELEMENTS (KOHA)
Koha item type წიგნი
Source of classification or shelving scheme
ეგზემპლარები
Withdrawn status Lost status Source of classification or shelving scheme Damaged status Not for loan Permanent Location Current Location Shelving location Date acquired Cost, normal purchase price Full call number Barcode Date last seen Copy number Price effective from Koha item type Public note Uniform Resource Identifier
          ბათუმის შოთა რუსთაველის სახელმწიფო უნივერსიტეტის მთავარი ბიბლიოთეკა ბათუმის შოთა რუსთაველის სახელმწიფო უნივერსიტეტის მთავარი ბიბლიოთეკა წიგნსაცავი 2018-12-17 111.00 821.133.1 B-67 57851 2018-12-17 57851 2018-12-17 წიგნი 111.00 GEL.  
          ბათუმის შოთა რუსთაველის სახელმწიფო უნივერსიტეტის მთავარი ბიბლიოთეკა ბათუმის შოთა რუსთაველის სახელმწიფო უნივერსიტეტის მთავარი ბიბლიოთეკა წიგნსაცავი 2018-12-17 111.00 821.133.1 B-67 57852 2018-12-17 57852 2018-12-17 წიგნი   57852
          ბათუმის შოთა რუსთაველის სახელმწიფო უნივერსიტეტის მთავარი ბიბლიოთეკა ბათუმის შოთა რუსთაველის სახელმწიფო უნივერსიტეტის მთავარი ბიბლიოთეკა წიგნსაცავი 2018-12-17 111.00 821.133.1 B-67 57853 2018-12-17 57853 2018-12-17 წიგნი 111.00 GEL.  
          ბათუმის შოთა რუსთაველის სახელმწიფო უნივერსიტეტის მთავარი ბიბლიოთეკა ბათუმის შოთა რუსთაველის სახელმწიფო უნივერსიტეტის მთავარი ბიბლიოთეკა წიგნსაცავი 2018-12-17 111.00 821.133.1 B-67 57854 2018-12-17 57854 2018-12-17 წიგნი 111.00 GEL.  
          ბათუმის შოთა რუსთაველის სახელმწიფო უნივერსიტეტის მთავარი ბიბლიოთეკა ბათუმის შოთა რუსთაველის სახელმწიფო უნივერსიტეტის მთავარი ბიბლიოთეკა წიგნსაცავი 2018-12-17 111.00 821.133.1 B-67 57855 2018-12-17 57855 2018-12-17 წიგნი 111.00 GEL.